नोर्वे की श्रेष्ठ कहानियां / (Record no. 113771)

MARC details
000 -LEADER
fixed length control field 01106nam a22002537a 4500
005 - DATE AND TIME OF LATEST TRANSACTION
control field 20170124102958.0
010 ## - LIBRARY OF CONGRESS CONTROL NUMBER
LC control number A-404459
020 ## - INTERNATIONAL STANDARD BOOK NUMBER
Terms of availability 85.00
035 ## - SYSTEM CONTROL NUMBER
System control number A-404459
037 ## - SOURCE OF ACQUISITION
Source of stock number/acquisition Cen Lib/Ret
040 ## - CATALOGING SOURCE
Original cataloging agency DPL
Language of cataloging HN
082 ## - DEWEY DECIMAL CLASSIFICATION NUMBER
Classification number
Item number नोर्वेकी
245 ## - TITLE STATEMENT
Title नोर्वे की श्रेष्ठ कहानियां /
Statement of responsibility, etc संपादन एवं अनुवाद पूर्णिमा चावला
246 ## - VARYING FORM OF TITLE
Title proper/short title Norve ki shreshth kahaniyan /
Remainder of title sampadan evam anuvaad Poornima Chawla
260 ## - PUBLICATION, DISTRIBUTION, ETC. (IMPRINT)
Name of publisher, distributor, etc नेशनल पब्लिशिंग हाउस
Place of publication, distribution, etc नयी दिल्ली
Date of publication, distribution, etc 1990
270 ## - ADDRESS
City नयी दिल्ली
Address 23, दरयागंज
Postal code 110002
300 ## - PHYSICAL DESCRIPTION
Extent 171पृ.:
Dimensions 19सेमी(सजिल्द )
Other physical details सचित्र
650 ## - SUBJECT ADDED ENTRY--TOPICAL TERM
Topical term or geographic name as entry element साहित्य
General subdivision
Geographic subdivision
9 (RLIN) 53795
650 ## - SUBJECT ADDED ENTRY--TOPICAL TERM
Topical term or geographic name as entry element कहानियां
9 (RLIN) 53796
650 ## - SUBJECT ADDED ENTRY--TOPICAL TERM
Topical term or geographic name as entry element literature
9 (RLIN) 6262
650 ## - SUBJECT ADDED ENTRY--TOPICAL TERM
Topical term or geographic name as entry element stories
9 (RLIN) 7500
700 ## - ADDED ENTRY--PERSONAL NAME
Personal name चावला, पूर्णिमा
9 (RLIN) 53696
942 ## - ADDED ENTRY ELEMENTS (KOHA)
Source of classification or shelving scheme Dewey Decimal Classification
Koha item type Hindi Books
Classification part
Call number suffix नोर्वेकी
Holdings
Withdrawn status Lost status Damaged status Not for loan Home library Current library Date acquired Source of acquisition Cost, normal purchase price Total Checkouts Full call number Barcode Date last seen Copy number Cost, replacement price Price effective from Koha item type Public note
Written off       Central Library Central Library 13/08/2015 Cen Lib/Ret 85.00   क नोर्वेकी A-404459 13/08/2015 1 85.00 13/08/2015 Hindi Books Written off on approval by DLB (By Circulation); dtd 20.12.2022

© Delhi Public Library
Hit Counter
free hit counter